Elements of discrete mathematics: (Record no. 3922)

MARC details
000 -LEADER
fixed length control field 00618nam a2200217Ia 4500
003 - CONTROL NUMBER IDENTIFIER
control field OSt
005 - DATE AND TIME OF LATEST TRANSACTION
control field 20220107122739.0
008 - FIXED-LENGTH DATA ELEMENTS--GENERAL INFORMATION
fixed length control field 130318s9999 xx 000 0 und d
020 ## - INTERNATIONAL STANDARD BOOK NUMBER
International Standard Book Number 9781259006395
040 ## - CATALOGING SOURCE
Transcribing agency IIITM-K
082 ## - DEWEY DECIMAL CLASSIFICATION NUMBER
Classification number 511.1 LIU/E
100 ## - MAIN ENTRY--PERSONAL NAME
Personal name Liu, C L
9 (RLIN) 4394
245 ## - TITLE STATEMENT
Title Elements of discrete mathematics:
Statement of responsibility, etc. by C.L Liu; D.P Mohapatra
Remainder of title A computer oriented approach
250 ## - EDITION STATEMENT
Edition statement 4th ed.
260 ## - PUBLICATION, DISTRIBUTION, ETC.
Name of publisher, distributor, etc. Tata Mc Graw Hill,
Place of publication, distribution, etc. New Delhi,
Date of publication, distribution, etc. 2013.
300 ## - PHYSICAL DESCRIPTION
Extent xviii, 625p.
650 ## - SUBJECT ADDED ENTRY--TOPICAL TERM
Topical term or geographic name entry element MATHEMATICS
9 (RLIN) 4395
650 ## - SUBJECT ADDED ENTRY--TOPICAL TERM
Topical term or geographic name entry element DISCRETE MATHEMATICS
9 (RLIN) 4396
700 ## - ADDED ENTRY--PERSONAL NAME
Personal name Mohapatra, D.P
9 (RLIN) 4397
942 ## - ADDED ENTRY ELEMENTS (KOHA)
Source of classification or shelving scheme Dewey Decimal Classification
Koha item type Books
Holdings
Withdrawn status Lost status Source of classification or shelving scheme Damaged status Not for loan Collection code Home library Current library Shelving location Date acquired Cost, normal purchase price Total Checkouts Full call number Barcode Date last seen Date last checked out Price effective from Koha item type
    Dewey Decimal Classification     Discrete Mathematics Kerala University of Digital Sciences, Innovation and Technology Knowledge Centre Kerala University of Digital Sciences, Innovation and Technology Knowledge Centre Mathematics 22/04/2014 281.00 10 511.1 LIU/E 3589 20/10/2023 12/10/2023 22/04/2014 Books